| 000 | 01316cam a22003374a 4500 | ||
|---|---|---|---|
| 001 | 13803737 | ||
| 003 | ARRUPE | ||
| 005 | 20150128162404.0 | ||
| 008 | 041202s2005 nyua b 001 0 eng | ||
| 010 | _a 2004061231 | ||
| 020 | _a0670033847 (hardcover) | ||
| 040 |
_aDLC _cDLC _dDLC |
||
| 042 | _apcc | ||
| 050 | 0 | 0 |
_aQP376 _b.K85 2005 |
| 082 | 0 | 0 |
_a153.9 _222 |
| 100 | 1 |
_aKurzweil, Ray. _914693 |
|
| 245 | 1 | 4 |
_aThe singularity is near : _bwhen humans transcend biology / _cRay Kurzweil. |
| 260 |
_aNew York : _bViking, _c2005. |
||
| 300 |
_axvii, 652 p. : _bill. ; _c25 cm. |
||
| 504 | _aIncludes bibliographical references and index. | ||
| 650 | 0 |
_aBrain _xEvolution. _914694 |
|
| 650 | 0 |
_aHuman evolution. _914695 |
|
| 650 | 0 |
_aGenetics. _914696 |
|
| 650 | 0 |
_aNanotechnology. _91253 |
|
| 650 | 0 |
_aRobotics. _914697 |
|
| 856 | 4 | 2 |
_3Contributor biographical information _uhttp://www.loc.gov/catdir/enhancements/fy0719/2004061231-b.html |
| 856 | 4 | 2 |
_3Publisher description _uhttp://www.loc.gov/catdir/enhancements/fy0719/2004061231-d.html |
| 906 |
_a7 _bcbc _corignew _d1 _eocip _f20 _gy-gencatlg |
||
| 942 |
_2lcc _cMONOGRAPH |
||
| 999 |
_c121913 _d121913 |
||